Gaming Quiz

Random Gaming Quiz
Score 0/55 Timer 07:00
0 Plays Today
Hint Answer % Correct
Smash 64Mario
100%
Smash 64Luigi
98%
Smash 64Link
93.9%
MeleePeach
93.9%
BrawlWario
93.9%
Smash 64Donkey Kong
91.8%
Smash 64Fox Mcloud
91.8%
Smash 64Pikachu
91.8%
Smash 64Yoshi
91.8%
Smash 64Ness
91.8%
MeleeBowser
91.8%
MeleeZelda and Shiek
91.8%
MeleeFalco Lombardi
91.8%
MeleeMarth
91.8%
Smash 64Samus
89.8%
Smash 64Kirby
89.8%
Smash 64Captain Falcon
89.8%
Smash 64Jigglypuff
89.8%
BrawlPokemon Trainer
89.8%
MeleeGanondorf Dragmire
87.8%
MeleeMew-two
87.8%
BrawlDiddy Kong
87.8%
BrawlToon Link
87.8%
BrawlR.O.B.
87.8%
MeleeDr. Mario
85.7%
MeleeRoy
85.7%
MeleeMr. Game & Watch
85.7%
BrawlLucario
85.7%
Hint Answer % Correct
MeleeIce Climbers
83.7%
MeleePichu
83.7%
BrawlPit
83.7%
BrawlMeta Knight
83.7%
BrawlKing Dedede
83.7%
BrawlIke
83.7%
Wii U/ 3DSMega Man
83.7%
Wii U/ 3DSPac-Man
83.7%
Wii U/ 3DSRobin
83.7%
BrawlLucas
81.6%
Wii U/ 3DSBowser Jr.
81.6%
MeleeYoung Link
79.6%
BrawlSonic
79.6%
BrawlSnake
79.6%
BrawlWolf O'Donell
79.6%
Wii U/ 3DSDark Pit
79.6%
Wii U/ 3DSVillager
77.6%
Wii U/ 3DSRosalina and Luma
77.6%
Wii U/ 3DSGreninja
77.6%
Wii U/ 3DSLucina
77.6%
Wii U/ 3DSWii Fit Trainer
75.5%
Wii U/ 3DSDuck Hunt
75.5%
BrawlOlimar and Pikmin
73.5%
Wii U/ 3DSLittle Mac
73.5%
Wii U/ 3DSShulk
73.5%
Wii U/ 3DS Palutena
71.4%
Wii U/ 3DSMii Fighters
71.4%
Remove Ads.
Support Sporcle.
Get the best of Sporcle when you Go Orange. This ad-free experience offers more features, more stats, and more fun while also helping to support Sporcle. Thank you for becoming a member.

You're not logged in!

Compare scores with friends on all Sporcle quizzes.
OR
Log In

Show Comments

Extras

Created Jan 22, 2015ReportNominate
Tags:bro, Character, smash

Top Quizzes Today


Score Distribution

Your Account Isn't Verified!

In order to create a playlist on Sporcle, you need to verify the email address you used during registration. Go to your Sporcle Settings to finish the process.

Report this User

Report this user for behavior that violates our Community Guidelines.

Details: